00706nam a22002297a 45000010005000000030009000050050017000140080041000310200015000720400028000870820018001151000026001332450097001592500012002562600038002683000044003065000032003505040039003826500013004217000022004347000020004564386BD-DhUAP20210119125957.0201125s1995 moua b 001 0 eng  a0697242501 aDLCcDLCdBD-DhUAPbEng00223 a590 HIC 1 aHickman, Cleveland P.10aIntegrated principles of zoology /cCleveland P. Hickman, Larry S. Roberts and Allan Larson. a9th ed. aDubuque :bWm. C. Brown, cc1995. avi, 71 pages :billustrations ;c29 cm. aStudent study art notebook. aIncludes bibliographies and index. 0aZoology.1 aRoberts, Larry S.1 aLarson, Allan.